guess the city around the world - Statistics

General Stats
  • This quiz has been taken 5 times
  • The average score is 10 of 48
Answer Stats
Picture Answer % Correct
Cairo Egypt
100%
Chicago USA
100%
Tokyo Japan
100%
Amsterdam Netherland
67%
Istanbul Turkey
67%
London UK
67%
Sydney Australia
67%
Bangkok Thailand
33%
Beijing China
33%
Kolkata India
33%
Lisbon Portugal
33%
Miami USA
33%
New Delhi India
33%
New York City USA
33%
Panama City
33%
Paris France
33%
Punjab Pakistan
33%
Singapore
33%
Taipei Taiwan
33%
Toronto Canada
33%
Accra Ghana
0%
Algiers Algeria
0%
Apia Samoa
0%
Asmara Eritea
0%
Baku Azerbaijan
0%
Berlin Germany
0%
Bogota Colombia
0%
Boston Massachusetts
0%
Cape Town South Africa
0%
Cleveland Ohio
0%
Dallas Texas
0%
Gaborone Botswanna
0%
Havana Cuba
0%
Hong Kong
0%
Kabul Afghanistan
0%
Kampala Uganada
0%
Kinshasa DRC
0%
Lima Peru
0%
Mexico City Mexico
0%
New Orleans USA
0%
Oslo Norway
0%
Rabat Morocco
0%
Rome Italy
0%
Sao Paulo Brazil
0%
Sarajevo Bosnia
0%
Seoul South Korea
0%
Sofia Bulgaria
0%
Tehran Iran
0%
No matching quizzes found
Score Distribution
Percent of People with Each Score
Percentile by Number Answered
Your Score History
You have not taken this quiz